| 000 | 00501 a2200193 4500 | ||
|---|---|---|---|
| 001 | 138861 | ||
| 020 | _a9788516104559 | ||
| 040 | _cLeonardo Da Vinci | ||
| 041 | _aPortuguês | ||
| 082 |
_a028.5 L896 _bL896 |
||
| 100 | _aLOVATEL, Marília | ||
| 245 | _aA menina dos sonhos de renda | ||
| 260 |
_bModerna _c2021 _aSão Paulo |
||
| 300 | _a63 | ||
| 362 | _a20210000 | ||
| 500 | _aBiblioteca Alphaville 2 | ||
| 697 |
_aLiteratura infantojuvenil _aNordeste brasileira - tradições |
||
| 942 | _cBK | ||
| 999 |
_c138861 _d138861 |
||